[Event "AUTO-INT-2499"]
[Site "http://www.queenalice.com/game.php?id=1127118"]
[Date "2012.11.30"]
[Round "1"]
[White "NhobaDolage"]
[Black "dladuke7"]
[Result "1-0"]
[WhiteElo "1601"]
[BlackElo "1602"]

1. e4 e5 2. Nf3 Nc6 3. Bc4 Nf6 4. Ng5 d5 5. exd5 Nxd5 6. Qf3 Be6 7. c3 Qxg5 8.
Bxd5 Bxd5 9. Qxd5 Bd6 10. O-O O-O 11. d4 Qh5 12. Nd2 exd4 13. Qxh5 dxc3 14. Nf3
c2 15. Ng5 h6 16. Ne4 Rae8 17. f3 Re5 18. Qg4 Nb4 19. Bf4 Rd5 20. Nf6+ Kh8 21.
Nxd5 Nxd5 22. Bd2 Re8 23. Rfe1 Nf6 24. Qa4 Nh5 25. Rxe8+ Kh7 26. Qxc2+ 1-0

[Event "AUTO-INT-2499"]
[Site "http://www.queenalice.com/game.php?id=1127119"]
[Date "2012.11.30"]
[Round "1"]
[White "dladuke7"]
[Black "NhobaDolage"]
[Result "1-0"]
[WhiteElo "1584"]
[BlackElo "1627"]

1. e4 e5 2. Nf3 Nc6 3. Bc4 Nf6 4. Ng5 d5 5. exd5 Nxd5 6. Nxf7 Qf6 7. Nxh8 Be6 8.
Qh5+ g6 9. Qxh7 Nd4 10. Bxd5 Bxd5 11. Nxg6 Be4 12. Qh8 Bxg6 13. Qxf6 Nxc2+ 14.
Kd1 Bd3 15. Qxe5+ Kd7 16. Qd5+ Bd6 17. Qxd3 Nxa1 18. b3 Rd8 19. Ba3 Kc8 20. Qf5+
Kb8 21. Re1 Bxh2 22. Qg6 Bf4 23. Re8 Rxe8 24. Qxe8# 1-0

[Event "AUTO-OPEN-2854"]
[Site "http://www.queenalice.com/game.php?id=1127254"]
[Date "2012.11.30"]
[Round "1"]
[White "sexgato"]
[Black "NhobaDolage"]
[Result "0-1"]
[WhiteElo "1296"]
[BlackElo "1590"]

1. e4 e5 2. d4 c5 3. dxe5 Nc6 4. f4 Nge7 5. Nf3 d5 6. exd5 Nxd5 7. Bb5 Bf5 8.
Bxc6+ bxc6 9. c4 Nb4 10. Qxd8+ Rxd8 11. Bd2 Nc2+ 12. Kf2 Nxa1 13. Ba5 Rb8 14. b3
Be7 15. Nbd2 Nc2 16. Bc7 Rb7 17. Ba5 O-O 18. h3 f6 19. exf6 Bxf6 20. g4 Bd3 21.
g5 Bd4+ 22. Kg3 Rbf7 23. a4 Rxf4 24. Bc7 R4f5 25. Bd6 R8f7 26. Bb8 Be2 27. Nh4
Rxg5+ 28. Kh2 Rf2+ 29. Ng2 Rfxg2# 0-1

[Event "AUTO-OPEN-2854"]
[Site "http://www.queenalice.com/game.php?id=1127255"]
[Date "2012.11.30"]
[Round "1"]
[White "NhobaDolage"]
[Black "sexgato"]
[Result "0-1"]
[WhiteElo "1534"]
[BlackElo "1397"]

1. e4 d5 2. Nc3 dxe4 3. Bc4 Bf5 4. d4 Nc6 5. d5 Nb4 6. Be3 Nf6 7. h3 e6 8. dxe6
fxe6 9. a3 Nc6 10. Bf4 e5 11. Bg3 Qxd1+ 12. Rxd1 Nd4 13. Bxe5 Nxc2+ 14. Ke2 Nd7
15. Bb3 Nxe5 16. Bxc2 Nc4 17. f3 exf3+ 18. Nxf3 Bxc2 19. Rd4 Nxb2 20. Rd2 Bd3+
21. Rxd3 Nxd3 22. Kxd3 Bxa3 23. Re1+ Be7 24. Nd5 Rd8 25. Rxe7+ Kf8 26. Kc4 c6
27. Rxb7 cxd5+ 28. Kc5 h5 29. Rxa7 Rh6 30. Ne5 Rf6 31. g4 hxg4 32. Nxg4 Rf3 33.
h4 Rc3+ 34. Kd4 Rh3 35. Ne5 Rxh4+ 36. Kc5 Rh5 37. Nc6 Re8 38. Rd7 Rc8 39. Rxd5
Rxd5+ 40. Kxd5 g5 41. Nb4 g4 42. Ke4 Rc4+ 43. Ke3 Rxb4 44. Kf2 Rb3 45. Kg2 g3
46. Kg1 Rb2 47. Kh1 g2+ 48. Kg1 Kf7 49. Kh2 Kf6 50. Kg1 Kf5 51. Kh2 Kf4 52. Kg1
Kf3 53. Kh2 Kf2 54. Kh3 g1=Q 55. Kh4 Kf1 56. Kh3 Rh2# 0-1

[Event "AUTO-OPEN-2854"]
[Site "http://www.queenalice.com/game.php?id=1127276"]
[Date "2012.11.30"]
[Round "1"]
[White "NhobaDolage"]
[Black "paulouk"]
[Result "0-1"]
[WhiteElo "1592"]
[BlackElo "1753"]

1. e4 g6 2. Nf3 Bg7 3. d4 Nf6 4. Nc3 O-O 5. Ng5 h6 6. Nf3 d6 7. e5 dxe5 8. Nxe5
Nbd7 9. Bf4 Nh5 10. g3 Nb6 11. Bg2 Bxe5 12. Bxe5 Nc4 13. Na4 b5 14. Bxa8 bxa4
15. Qf3 Nxe5 16. dxe5 f6 17. g4 fxe5 18. Qe4 Nf4 19. h3 Qd4 20. O-O Nxh3+ 21.
Kh2 Qxe4 22. Bxe4 Nxf2 23. Bxg6 Nxg4+ 24. Kg3 Kg7 25. Bh5 Nf6 26. Be2 Ne4+ 27.
Kh4 Nf6 28. Rg1+ Kh7 29. Rg2 Nd5 30. Rag1 Rf4+ 31. Kh5 Nf6# 0-1

[Event "AUTO-OPEN-2854"]
[Site "http://www.queenalice.com/game.php?id=1127277"]
[Date "2012.11.30"]
[Round "1"]
[White "paulouk"]
[Black "NhobaDolage"]
[Result "1-0"]
[WhiteElo "1687"]
[BlackElo "1582"]

1. d4 d5 2. Nf3 g6 3. e3 Nf6 4. c4 e6 5. cxd5 Nxd5 6. e4 Nb6 7. Ng5 Qf6 8. e5
Qe7 9. a3 Bg7 10. Be2 f6 11. exf6 Bxf6 12. Ne4 e5 13. dxe5 Qxe5 14. Nxf6+ Qxf6
15. Nc3 O-O 16. O-O Nc6 17. Nb5 Be6 18. Nxc7 Rad8 19. Qe1 Nd4 20. Bd1 Bc4 21.
Bd2 Bxf1 22. Qxf1 Rd7 23. Rc1 Nd5 24. Nxd5 Rxd5 25. Bb4 Re8 26. Rc7 Nf5 27. Bb3
Rd8 28. Bxd5+ Kh8 29. Bc3 Nd4 30. Rf7 Qh4 31. Bxb7 Qh5 32. Bxd4+ Rxd4 33. Bf3
Qd5 34. Bxd5 1-0

[Event "AUTO-OPEN-2854"]
[Site "http://www.queenalice.com/game.php?id=1127278"]
[Date "2012.11.30"]
[Round "1"]
[White "NhobaDolage"]
[Black "LUKK"]
[Result "0-1"]
[WhiteElo "1530"]
[BlackElo "2240"]

1. e4 g6 2. d4 Bg7 3. Nc3 d6 4. h3 Nf6 5. Nf3 O-O 6. Bc4 Nxe4 7. Nxe4 d5 8. Neg5
dxc4 9. c3 Qd5 10. Bf4 h6 11. h4 hxg5 12. hxg5 Qe4+ 13. Be3 Bf5 14. Nh4 Bg4 15.
Qd2 Qd5 16. f3 Bd7 17. b4 cxb3 18. Qd3 Nc6 19. Nxg6 fxg6 20. Qxg6 Bf5 21. Qh5 b2
22. Rd1 b1=R 23. g6 Rxd1+ 24. Kxd1 Rf6 25. Qh7+ Kf8 26. Bh6 Rxg6 27. Bxg7+ Rxg7
28. Qh6 Qxa2 29. Qh8+ Kf7 30. Qh5+ Bg6 31. Qh4 Bc2+ 32. Ke1 Rxg2 33. Qf4+ Ke8
34. Rh8+ Kd7 35. Rxa8 Qb1+ 36. Qc1 Qxc1# 0-1

[Event "AUTO-OPEN-2854"]
[Site "http://www.queenalice.com/game.php?id=1127279"]
[Date "2012.11.30"]
[Round "1"]
[White "LUKK"]
[Black "NhobaDolage"]
[Result "1-0"]
[WhiteElo "2193"]
[BlackElo "1570"]

1. g4 e5 2. Bg2 d5 3. c4 c6 4. d4 Bxg4 5. cxd5 Nf6 6. h3 Bh5 7. Qb3 exd4 8. Qxb7
Nbd7 9. dxc6 Bd6 10. cxd7+ Nxd7 11. Qxa8 O-O 12. Qxd8 Rxd8 13. Nf3 g5 14. Nxd4
Ne5 15. Nc3 Bc5 16. Nb3 h6 17. Nxc5 Nc4 18. h4 g4 19. b3 Ne5 20. Nd5 f5 21. Nf6+
Kf7 22. Nxh5 Re8 23. Bd5+ Kg6 24. Nf4+ Kh7 25. Be6 Ng6 26. Bxf5 Re5 27. Bxg6+
Kg8 28. Bb2 Rxc5 29. Rd1 a5 30. Rd8# 1-0

[Event "AUTO-INT-2506"]
[Site "http://www.queenalice.com/game.php?id=1129767"]
[Date "2012.12.9"]
[Round "1"]
[White "NhobaDolage"]
[Black "Severynnas"]
[Result "1-0"]
[WhiteElo "1573"]
[BlackElo "1646"]

1. e4 e5 2. Nf3 Bd6 3. Nc3 Nf6 4. d4 O-O 5. dxe5 Bxe5 6. Nxe5 Re8 7. f4 d6 8.
Nxf7 Kxf7 9. Bc4+ Be6 10. b3 Bxc4 11. bxc4 Nxe4 12. Qh5+ Ke7 13. Nxe4 Rf8 14. f5
a5 15. Bg5+ Rf6 16. Bxf6+ gxf6 17. Qxh7+ Kf8 18. Qh6+ Ke7 19. Qg7+ Ke8 20. Nxf6+
Qxf6 21. Qxf6 Nc6 22. O-O Kd7 23. Rfe1 Nb4 24. Rab1 Nxc2 25. Re7+ Kc6 26. c5
Kxc5 27. Rxc7+ 1-0

[Event "AUTO-INT-2506"]
[Site "http://www.queenalice.com/game.php?id=1129768"]
[Date "2012.12.9"]
[Round "1"]
[White "Severynnas"]
[Black "NhobaDolage"]
[Result "0-1"]
[WhiteElo "1666"]
[BlackElo "1565"]

1. e4 e5 2. c4 Bc5 3. Qe2 Nc6 4. Nc3 Nd4 5. Qh5 d6 6. d3 Nc2+ 7. Kd1 Nxa1 8. Be3
Nf6 9. Qe2 c6 10. Bxc5 dxc5 11. Nf3 Nb3 12. axb3 Qa5 13. Kd2 Qb4 14. Nxe5 Qxb3
15. Qh5 Qxb2+ 16. Ke3 Nxh5 17. Nxf7 Qc1+ 18. Ke2 O-O 19. Ng5 Qxg5 20. f3 Nf4+
21. Kf2 Nxd3+ 22. Bxd3 Qd2+ 23. Kg3 Qxd3 24. Na4 Qxc4 25. h4 Qxa4 26. Rc1 Qd4
27. Kh2 Bg4 28. fxg4 Rf2 29. Rg1 Qxe4 30. Rd1 Qxg2# 0-1

[Event "AUTO-INT-2506"]
[Site "http://www.queenalice.com/game.php?id=1129771"]
[Date "2012.12.9"]
[Round "1"]
[White "NhobaDolage"]
[Black "kakocarvalho"]
[Result "1-0"]
[WhiteElo "1567"]
[BlackElo "1410"]

1. e4 d5 2. exd5 Nf6 3. c4 c6 4. dxc6 Nxc6 5. Nf3 g6 6. Nc3 Bg7 7. d4 O-O 8. b3
Bf5 9. d5 Nb4 10. Bb2 Ne4 11. Qe2 Nxf2 12. Qxf2 Re8 13. O-O-O Bxc3 14. Bxc3 Na6
15. Qd4 f6 16. Ng5 Rf8 17. Bd3 Bxd3 18. Rxd3 Nc7 19. h4 h5 20. g4 Qd6 21. gxh5
e5 22. Qe4 f5 23. Qg2 Kg7 24. Re1 Rfe8 25. Nh3 Rg8 26. Nf4 Kh7 27. Bxe5 Qa3+ 28.
Kb1 g5 29. hxg5 Na6 30. h6 Nb4 31. g6+ 1-0

[Event "AUTO-INT-2506"]
[Site "http://www.queenalice.com/game.php?id=1129772"]
[Date "2012.12.9"]
[Round "1"]
[White "kakocarvalho"]
[Black "NhobaDolage"]
[Result "0-1"]
[WhiteElo "1345"]
[BlackElo "1608"]

1. Nf3 d5 2. g3 b5 3. Bg2 Bb7 4. O-O Nf6 5. d3 Nc6 6. Re1 e5 7. e4 Bc5 8. Bd2
Ng4 9. Nh4 Nxf2 10. Qf3 Nxd3+ 11. Be3 Nxe1 12. Qe2 Nxc2 13. Qxc2 Bxe3+ 14. Kh1
Nd4 15. Qd3 Qg5 16. exd5 f5 17. Nf3 Qh6 18. Nxe5 f4 19. gxf4 Qxf4 20. Qe4 Qxe4
21. Bxe4 Nc2 0-1

[Event "Pros0dia"]
[Site "http://www.queenalice.com/game.php?id=1130368"]
[Date "2012.12.11"]
[Round "1"]
[White "NhobaDolage"]
[Black "Pros0dia"]
[Result "1/2-1/2"]
[WhiteElo "1578"]
[BlackElo "2012"]

1. e4 e5 2. Nf3 Nf6 3. Nc3 Nc6 4. Bc4 Be7 5. d4 d6 6. h3 exd4 7. Nxd4 Nxd4 8.
Qxd4 O-O 9. b3 Nd7 10. Nd5 Bf6 11. e5 Bxe5 12. Qg4 Bxa1 13. Bg5 Nf6 14. Qg3 Qe8+
15. Ne3 Qe5 16. f4 Bc3+ 17. Ke2 Qa5 18. Nd5 Ne4 19. Ne7+ Kh8 20. Qh4 Nxg5 21.
fxg5 Qe5+ 22. Kd1 Qxe7 23. Bd3 g6 24. Qc4 Be5 25. h4 Qe6 26. Qe4 Qg4+ 27. Qxg4
Bxg4+ 28. Kc1 Bf4+ 29. Kb1 Rae8 30. h5 Bxh5 31. Bxg6 Bxg6 32. Rxh7+ Kxh7 33. g3
Re1+ 34. Kb2 Bxg3 35. a4 a5 36. c3 Re2+ 37. Ka3 Rfe8 38. b4 axb4+ 39. Kxb4 R8e4+
40. c4 Rb2+ 41. Ka5 Rxc4 1/2-1/2

[Event "magalhaes_br"]
[Site "http://www.queenalice.com/game.php?id=1139593"]
[Date "2013.1.11"]
[Round "4"]
[White "papyrusmoon"]
[Black "NhobaDolage"]
[Result "1-0"]
[WhiteElo "1362"]
[BlackElo "1556"]

1. e4 e5 2. f4 exf4 3. Nf3 Nf6 4. e5 Ne4 5. Qe2 Nc5 6. Nc3 Ne6 7. d4 d5 8. Bd2
Nc6 9. O-O-O b6 10. Qb5 Bb7 11. Nxd5 Qd7 12. Bd3 g6 13. Nf6+ Ke7 14. Nxd7 Kxd7
15. d5 Nc5 16. Bc4 Ke7 17. Bxf4 Na5 18. d6+ cxd6 19. exd6+ Kf6 20. Be5+ Kf5 21.
Bxf7 Bh6+ 22. Rd2 Rhd8 23. h3 Bxf3 24. Bg3 Kf6 25. Bb3 Bxd2+ 26. Kxd2 Bxg2 27.
Rg1 Bxh3 28. Bh4+ Ke5 29. Bg3+ Kf5 30. Qe2 Ne4+ 31. Ke1 Nxg3 32. Rxg3 Re8 33.
Rf3+ Kg5 34. Rg3+ Kh6 35. Rxh3+ Kg7 36. Be6 Nc6 37. Qb5 Rxe6+ 38. Kd2 Rxd6+ 39.
Kc1 Rf8 40. Rh1 Nd4 41. Qe5+ Rff6 42. Qe7+ Kg8 43. Qxh7+ Kf8 44. Qh8+ Ke7 45.
Re1+ Kd7 46. Qe8+ Kc7 47. Re7+ Rd7 48. Qxd7+ Kb8 49. Re8# 1-0

[Event "Challenge"]
[Site "http://www.queenalice.com/game.php?id=1145398"]
[Date "2013.1.26"]
[Round "-"]
[White "NhobaDolage"]
[Black "NeyFLA"]
[Result "0-1"]
[WhiteElo "1568"]
[BlackElo "1680"]

1. e4 e5 2. Nf3 Nc6 3. c3 Nf6 4. d3 Bc5 5. b4 Bb6 6. Ba3 d6 7. b5 Ne7 8. d4 exd4
9. Nxd4 Nxe4 10. Qf3 Nf6 11. Bc4 O-O 12. Nd2 d5 13. Bb3 Bg4 14. Qf4 Ng6 15. Qg5
Re8+ 16. Kf1 h6 17. Qe3 Rxe3 18. fxe3 a6 19. c4 dxc4 20. Nxc4 axb5 21. Nxb6 Rxa3
22. Nc2 cxb6 23. Nxa3 Qd3+ 24. Kg1 Qxe3+ 25. Kf1 Qd3+ 26. Kf2 Ne4+ 27. Ke1 Qe2#
0-1

[Event "Pros0dia"]
[Site "http://www.queenalice.com/game.php?id=1147309"]
[Date "2013.1.31"]
[Round "2"]
[White "dutra2302"]
[Black "NhobaDolage"]
[Result "1-0"]
[WhiteElo "2114"]
[BlackElo "1532"]

1. e4 e5 2. Nc3 Nc6 3. Bc4 Qg5 4. Qf3 Nh6 5. d3 Qg6 6. Be3 d6 7. Nd5 Kd8 8. h3
f5 9. g3 Nd4 10. Bxd4 exd4 11. Ne2 c5 12. Nef4 Qe8 13. O-O-O Qc6 14. g4 b5 15.
Bb3 c4 16. dxc4 bxc4 17. Nb4 Qb5 18. Nbd5 cxb3 19. axb3 Qc5 20. Rd3 Ba6 21. Ne6+
Kd7 22. Nxc5+ Kc6 23. Nxa6 Be7 24. Nxe7+ Kb5 25. exf5 Rhe8 26. Qc6+ Ka5 27. b4#
1-0

[Event "OS INCLIVEIS"]
[Site "http://www.queenalice.com/game.php?id=1150569"]
[Date "2013.2.10"]
[Round "-"]
[White "adelio"]
[Black "NhobaDolage"]
[Result "1-0"]
[WhiteElo "1753"]
[BlackElo "1513"]

1. d4 c5 2. c4 Nc6 3. d5 Ne5 4. e4 d6 5. f3 e6 6. h4 f5 7. Nc3 Ne7 8. h5 fxe4 9.
fxe4 exd5 10. cxd5 c4 11. Be2 Qa5 12. Bd2 Bf5 13. exf5 Nxf5 14. Qa4+ Qxa4 15.
Nxa4 b5 16. Nc3 Nd4 17. Rc1 Rb8 18. h6 b4 19. hxg7 Bxg7 20. Bh5+ Kd8 21. Bg5+
Kc7 22. Ne4 Nd3+ 23. Kd2 Nxc1 24. Kxc1 a5 25. Nf3 Nf5 26. g4 Nh6 27. Bf4 Kb6 28.
Bxd6 Rbc8 29. Rd1 c3 30. bxc3 bxc3 31. Kc2 Kb5 32. a4+ Kxa4 33. Rb1 Rcd8 34.
Nc5+ Ka3 35. Ra1+ Kb4 36. Nd3+ Kc4 37. Bc7 Rxd5 38. Ra4+ Kb5 39. Rxa5+ Kc4 40.
Nfe5+ Bxe5 41. Nxe5+ Rxe5 42. Rxe5 Rf8 43. Re2 Ng8 44. Ba5 Nf6 45. Bxc3 Nd5 46.
Re4+ Kb5 47. Be8+ Kb6 48. Bd4+ Ka6 49. Re6+ Kb7 50. Bc6+ Kc7 51. Bxd5 Rf4 52.
Be5+ 1-0

[Event "AUTO-INT-2506"]
[Site "http://www.queenalice.com/game.php?id=1153322"]
[Date "2013.2.19"]
[Round "2"]
[White "adrian_iuga"]
[Black "NhobaDolage"]
[Result "1-0"]
[WhiteElo "1952"]
[BlackElo "1507"]

1. e4 e5 2. Nf3 Nc6 3. d4 d5 4. exd5 Nce7 5. Nxe5 Qxd5 6. Nf3 Nf5 7. c3 Nf6 8.
Bg5 Ne4 9. Nbd2 h6 10. Be3 c5 11. Bc4 Nxe3 12. fxe3 Qf5 13. O-O cxd4 14. exd4
Bd6 15. Ne5 Qg5 16. Bxf7+ Ke7 17. Ng6+ Kd8 18. Nxe4 Qe3+ 19. Nf2 Bf5 20. Nxh8
Bh3 21. Bd5 Bxg2 22. Bxg2 Kc7 23. Nf7 Rf8 24. Nxd6 Kxd6 25. Qa4 g5 26. Qb4+ Kc7
27. Qxf8 h5 28. Rae1 Qd2 29. Re7+ 1-0

[Event "AUTO-INT-2506"]
[Site "http://www.queenalice.com/game.php?id=1153323"]
[Date "2013.2.19"]
[Round "2"]
[White "NhobaDolage"]
[Black "adrian_iuga"]
[Result "0-1"]
[WhiteElo "1505"]
[BlackElo "1954"]

1. e4 c5 2. d4 cxd4 3. Qxd4 Nc6 4. Qc3 Nf6 5. e5 Nxe5 6. Qxe5 Qb6 7. Nc3 e6 8.
Bh6 Ng4 9. Nd5 Nxe5 10. Nxb6 axb6 11. Be3 Bc5 12. Nf3 Nxf3+ 13. gxf3 O-O 14. f4
d5 15. Rg1 Bd7 16. f5 exf5 17. Bh6 Rfe8+ 18. Be2 g6 19. O-O-O Rxe2 20. Rxd5 Bxf2
21. Rgd1 Be3+ 22. Kb1 Bxh6 23. Rxd7 Rb8 24. a3 Rxh2 25. Rd8+ Rxd8 26. Rxd8+ Kg7
27. c4 Be3 28. b4 f4 0-1

[Event "AUTO-INT-2506"]
[Site "http://www.queenalice.com/game.php?id=1153326"]
[Date "2013.2.19"]
[Round "2"]
[White "NhobaDolage"]
[Black "simbu"]
[Result "0-1"]
[WhiteElo "1496"]
[BlackElo "1765"]

1. e4 e5 2. Nf3 d6 3. c3 Nf6 4. Qb3 Nxe4 5. Bc4 Qf6 6. d4 Be6 7. Qxb7 Qd8 8.
Qxe4 Bxc4 9. Qc6+ Nxc6 10. Nbd2 Bd5 11. O-O Be7 12. dxe5 Bxf3 13. Nxf3 dxe5 14.
b4 e4 15. Nd2 f5 16. Rd1 Qd5 17. Bb2 Bf6 18. Nb3 Qc4 19. Nc5 Rd8 20. f3 exf3 21.
gxf3 Bxc3 22. Bxc3 Qxc3 23. Re1+ Ne7 24. Ne6 Rd3 25. Rac1 Qxb4 26. Rxc7 Qxe1+
27. Kg2 Qe2+ 0-1

[Event "AUTO-INT-2506"]
[Site "http://www.queenalice.com/game.php?id=1153327"]
[Date "2013.2.19"]
[Round "2"]
[White "simbu"]
[Black "NhobaDolage"]
[Result "1-0"]
[WhiteElo "1739"]
[BlackElo "1503"]

1. e4 e5 2. Nf3 Nc6 3. g3 Nf6 4. d3 d5 5. exd5 Qxd5 6. Bg2 Nd4 7. O-O Bh3 8. c3
Bxg2 9. Kxg2 Bd6 10. cxd4 O-O 11. dxe5 Bxe5 12. d4 Bxd4 13. Qxd4 Qc6 14. Bg5
Rad8 15. Rc1 Qb5 16. Rc5 Qe2 17. Qe5 Qd3 18. Bxf6 gxf6 19. Qxf6 Rd5 20. Rxd5
Qxd5 21. Qd4 Qh5 22. Qe5 Qh6 23. Qg5+ Qxg5 24. Nxg5 1-0